00856nam a2200229 a 450000100100000000500170001000800410002704000250006808200080009310000340010124500630013526000470019830000280024565000230027365000290029665000300032565000270035504900090038295201090039195201090050099900170060900001364320260225120647.0091127s2002 dr a 000 0 spa d aDO-SdBNPbspacBNPHU a3011 aPascual Soriano, Pedro93106210aDesarrollando e hilvanando ideas /cPedro Pascual Soriano. a[Santo Domingo] :bImpresora Mateo,c2002. a106 p. :bil. ;c21 cm. 0aSociología91061 0aProblemas sociales99290 0aCondición social931063 4aConducta social912282 aBNPD 00107-18PDaPDbPDcOId2009-11-27iLF1l0o301 p13643-10r2020-06-25w2020-06-25yLFPDZNo se presta 00107-18PDaPDbPDcOId2009-11-27iLF1l0o301 p13643-20r2020-06-25w2020-06-25yLFPDZNo se presta c13257d13257